| Поле | Инд. | ПП | Название | Значение |
|---|---|---|---|---|
| Тип записи | a | |||
| Библиографический уровень | b | |||
| 001 | Контрольный номер | RU/IS/BASE/253732200 | ||
| 005 | Дата корректировки | 20200601191433.2 | ||
| 008 | Кодируемые данные | 20080115 | ||
| 040 | b | Код языка каталог. | rus | |
| e | Правила каталог. | PSBO | ||
| 041 | 0_ | a | Код языка текста | rus |
| 084 | a | Индекс другой классификации/Индекс ББК | 60.524.125 | |
| 100 | 1_ | a | Автор | Струк Е. Н. |
| q | Полное имя | Струк Елена Николаевна | ||
| 245 | 10 | a | Заглавие | Социальная адаптация к инновационным изменениям в современном обществе |
| 504 | a | Библиография | Библиогр. ссылки | |
| 650 | a | Основная рубрика | социология | |
| 653 | 1_ | a | Ключевые слова | адаптационные процессы |
| a | Ключевые слова | адаптация | ||
| a | Ключевые слова | аккультурация | ||
| a | Ключевые слова | инновации | ||
| a | Ключевые слова | современное общество | ||
| a | Ключевые слова | социальная адаптация | ||
| a | Ключевые слова | социальные изменения | ||
| a | Ключевые слова | социологические теории | ||
| a | Ключевые слова | стратегия адаптации | ||
| 773 | 0_ | t | Заглавие источника | Вестник Московского университета. Серия 18, Социология и политология |
| d | Дата издания источника | 2007 | ||
| g | Прочая информация | № 2. - С. 119 - 131 | ||
| w | Контрольный № источника | RU/IS/BASE/242834490 | ||
| 901 | t | Тип документа | b |